书目信息 |
| 题名: |
棉花形态学
|
|
| 作者: | 李正理 著 | |
| 分册: | ||
| 出版信息: | 北京 科学出版社 1979 |
|
| 页数: | 205页 | |
| 开本: | 26cm | |
| 丛书名: | 经济植物形态学丛书 | |
| 单 册: | ||
| 中图分类: | S562.1 , S562 | |
| 科图分类: | ||
| 主题词: | 形态学-棉花 , 棉花-形态学 , 经济作物 | |
| 电子资源: | ||
| ISBN: | ||
| 000 | 00717nam2 2200289 45 | |
| 001 | 0179004452 | |
| 005 | 20040521092819.9 | |
| 010 | @dCNY1.40 | |
| 091 | @a13031.976 | |
| 100 | @a19950802d1979 em y0chiy0121 ea | |
| 101 | 0 | @achi |
| 102 | @aCN@b110000 | |
| 105 | @ay z 001yy | |
| 106 | @ar | |
| 200 | 10 | @a棉花形态学@Amian hua xing tai xue@f李正理著 |
| 210 | @a北京@c科学出版社@d1979 | |
| 215 | @a205页@d26cm | |
| 225 | 2 | @a经济植物形态学丛书 |
| 410 | 0 | @120010@a经济植物形态学丛书 |
| 606 | @a形态学-棉花 | |
| 606 | @a棉花-形态学 | |
| 606 | 0 | @a经济作物 |
| 690 | @aS562.1@v3 | |
| 690 | @aS562 | |
| 701 | 0 | @a李正理@Ali zheng li@4著 |
| 801 | 0 | @aCN@bNLC@c20040521 |
| 905 | @f1@b244708@dS562@e5 | |
| 棉花形态学/李正理著.-北京:科学出版社,1979 |
| 205页;26cm.-(经济植物形态学丛书) |
| ISBN :CNY1.40 |
| ● |
| 相关链接 |
|
|
|
|
正题名:棉花形态学
索取号:S562/5
 
预约/预借
| 序号 | 登录号 | 条形码 | 馆藏地/架位号 | 状态 | 备注 |
| 1 | 0244708 | 000717718 | 第三借阅区/ [索取号:S562/5] | 在馆 | |
| 2 | 0244709 | 000717656 | 第二样本阅览室/ [索取号:S562/5] | 在馆 |